Представление документа в формате MARC21

Поле Инд. ПП Название Значение
Тип записи a
Библиографический уровень b
001 Контрольный номер UNIDUBNAa523db02147f44d088cc4f2fcb079b5a
005 Дата корректировки 20260528161354.2
084 a Индекс другой классификации/Индекс ББК 63.3(2)6-36
100 1_ a Автор Конев В.
q Полное имя Конев Владимир
245 10 a Заглавие Самозванцы-герои
520 0_ a Аннотация Статья продолжает тему, поднимавшуюся ранее в выпуске № 3 журнала за 2003 год и статье В. Исаева в текущем выпуске о мошенниках, заявлявших себя Героями Советского Союза, купленном и присвоенном "геройстве", продолжающемся до наших дней
650 04 a Основная рубрика история
653 0_ a Ключевые слова XX век
a Ключевые слова мошенничество
a Ключевые слова награды
a Ключевые слова правительственные награды
a Ключевые слова Россия
a Ключевые слова фальсификация
773 18 t Заглавие источника Родина
d Дата издания источника 2005
g Прочая информация № 1. - С. 45-48
w Контрольный № источника RU/IS/BASE/160754957
901 t Тип документа b